La región del próximo vuelo novela /

Збережено в:
Бібліографічні деталі
Автор: Aguirre Montaldo, Mario
Формат: Електронний ресурс eКнига
Мова:Іспанська
Опубліковано: Providencia, Santiago de Chile: RIL editores, 2011.
Редагування:1. ed.
Серія:Narrativa (RiL Editores)
Digitalia eBook Collection: Ril Editores
Предмети:
Онлайн доступ:Digitalia Hispánica
Теги: Додати тег
Немає тегів, Будьте першим, хто поставить тег для цього запису!

MARC

LEADER 00000nam a2200000Ia 4500
001 DIGRILEDIT0023
003 NyNyDIG
006 m d
007 cr |||||||||||
008 140101s2011 cl a o 001 1 spa
020 |z 9562848140 (pbk.) 
020 |z 9789562848145 (pbk.) 
040 |a DGITA  |b eng  |e pn  |c DGITA 
043 |a s-cl--- 
050 4 |a PQ8098.41.G855 ebook 
100 1 |a Aguirre Montaldo, Mario. 
245 1 3 |a La región del próximo vuelo   |h [electronic resource] :  |b novela /  |c Mario Aguirre Montaldo. 
250 |a 1. ed. 
260 |a Providencia, Santiago de Chile:  |b RIL editores,  |c 2011.  |e (New York, NY. :  |f Digitalia Inc,   |g 2012). 
300 |a 1 online resource (162 p.) :  |b ill. 
490 1 |a Narrativa. 
500 |a Includes index. 
506 |a Access restricted to subscribing institutions. 
651 0 |a Sewell (Chile)  |v Fiction 
655 0 |a Electronic books. 
791 2 |a Digitalia (Firm),  |e distributor. 
830 0 |a Narrativa (RiL Editores) 
830 0 |a Digitalia eBook Collection: Ril Editores 
856 4 0 |3 Digitalia Hispánica  |u https://digitalia.unach.elogim.com/a/18531/